| Tag |
First Indicator |
Second Indicator |
Subfields |
| LEADER |
00000cam a2200000 a 4500 |
| 001 |
in00001461663 |
| 005 |
20151021054351.0 |
| 008 |
990120s1999 enkab b 001 0 eng d |
| 035 |
|
|
|a (OCoLC)40652818
|
| 035 |
|
|
|9 AJF0756AM
|
| 040 |
|
|
|a NTE
|c NTE
|d TXA
|d UtOrBLW
|
| 049 |
|
|
|a TXAM
|
| 090 |
|
|
|a P93.5
|b .V57 1999
|
| 245 |
0 |
0 |
|a Visual information for everyday use :
|b design and research perspectives /
|c editors, Harm J.G. Zwaga, Theo Boersema, Henriëtte C.M. Hoonhout.
|
| 264 |
|
1 |
|a London :
|b Taylor & Francis,
|c [1999]
|
| 264 |
|
4 |
|c ©1999
|
| 300 |
|
|
|a xxxiv, 328 pages :
|b illustrations (some color) maps (some color) ;
|c 24 cm.
|
| 336 |
|
|
|a text
|b txt
|2 rdacontent
|
| 337 |
|
|
|a unmediated
|b n
|2 rdamedia
|
| 338 |
|
|
|a volume
|b nc
|2 rdacarrier
|
| 504 |
|
|
|a Includes bibliographical references and index.
|
| 650 |
|
0 |
|a Visual communication
|x Methodology.
|
| 650 |
|
0 |
|a Communication in information science.
|
| 650 |
|
0 |
|a Human information processing.
|
| 700 |
1 |
|
|a Zwaga, H. J. G.
|
| 700 |
1 |
|
|a Boersema, Theo.
|
| 700 |
1 |
|
|a Hoonhout, Henriëtte C. M.
|
| 948 |
|
|
|a c:jh
|
| 999 |
|
|
|a MARS
|
| 999 |
f |
f |
|s 7085a4b0-b19f-3188-bfae-2d01fd12f4dc
|i 67b6b68a-6051-3584-a5d1-625330c3cde7
|t 0
|
| 952 |
f |
f |
|p ric
|a Texas A&M University
|b Rellis Campus
|c Joint Library Facility
|s JLF
|d Remote Storage
|t 0
|e P93.5 .V57 1999
|h Library of Congress classification
|i unmediated -- volume
|m A14823800395
|
| 998 |
f |
f |
|a P93.5 .V57 1999
|t 0
|l Remote Storage
|